000 00762nam a22002297a 4500
003 UA-OsUOA
001 21036
007 ta
008 20031112b un ||||| |||| 00| 0 ukr d
090 _a94 (47+57)"1941/1945"
_bO-99
942 _cBK
040 _aUA-OsUOA
_brus
_cUA-OsUOA
_dUA-OsUOA
245 _aOсвобождение городов
_bСправочник по освобождению городов в период Великой Отечественной войны 1941 - 1945
_cМ.Л.Дударенко Ю.Г.Перечнев
300 _a598 с.
955 _a0
041 _arus
080 _a94 (47+57)"1941/1945"
260 _aМосква
_bВоениздат
_c1985
044 _aRU
650 7 _2UDC
999 _c307228
_d307228